000 00598nam a22002297a 4500
003 UA-OsUOA
001 531
007 ta
008 20050607b un ||||| |||| 00| 0 ukr d
100 _aКрюков А. Н.
090 _a929
_bК85
942 _cBK
040 _aUA-OsUOA
_brus
_cUA-OsUOA
_dUA-OsUOA
245 _aАлександр Констянтинович Глазунов
300 _a140 с.
955 _a3
041 _arus
080 _a929
260 _aМ.
_bМузыка
_c1984
650 7 _a9 Географія. Біографії. Історія
_2UDC
999 _c286702
_d286702